000
00334nam a2200145Ia 4500
008
230718s9999 xx 000 0 und d
041
_a
Eng.
082
_a
340
_b
FIT-S
100
_a
Fitzguald, P. J.
245
0
_a
Salmon Jurisprudence
260
_a
Pakistan
_b
manzoor law book
_c
2010
300
_a
481
650
_a
Law
999
_c
29745
_d
29745